01703nab a22002537a 4500003000400000005001700004008004100021040000700062100002300069245010600092260007200198300001300270500003800283505074900321505008901070650002001159650002401179650002501203650001801228650001001246650003001256650002501286773013801311OSt20251230232347.0190605e xxu||||| |||| 00| 0 spa d cPJ aLalanne, Julio E. 13aLa derogación de las "multas" de la Ley Bases : b¿tiene efecto retroactivo? /cJulio E. Lalanne.  aCiudad Autónoma de Buenos Aires :bThomson Reuters La Ley,c2024. ap. 26-34 aCita: TR LALEY AR/DOC/2131/2024  aSumario: I. Introducción.— II. Planteo del problema. Los fallos que aplican la Ley Bases en forma retroactiva y sus fundamentos.— III. Primera cuestión: las normas jurídicas que establecían indemnizaciones y agravamientos indemnizatorios, hoy derogadas, ¿son de naturaleza penal?; y, en consecuencia, ¿es aplicable a su respecto el principio de la ley penal más benigna? — IV. Segunda cuestión: ¿la situación jurídica que dio origen al derecho al cobro de las multas y agravamientos indemnizatorios se agotó con anterioridad a la entrada en vigencia de la Ley Bases?, ¿o, al contrario, se trata de una situación jurídica "existente" en los términos del art. 7° del Cód. Civ. Com. Nac.? — V. Conclusiones.  t¿Te interesa el texto completo? Solicitalo al correo: koha@justierradelfuego.gov.ar 0aDERECHO LABORAL 0aCONTRATO DE TRABAJO 0aRELACIONES LABORALES 0aINDEMNIZACION 0aMULTA 0aRELACIÓN DE DEPENDENCIA 0aEMPLEO NO REGISTRADO0 02711dCiudad Autónoma de Buenos Aires : Thomson Reuters La Ley, 1999-2002.tRevista de derecho del trabajo. Nº 5 - Septiembre 2024